Lectures on elliptic boundary value problems / (Record no. 51038)
[ view plain ]
| 000 -LEADER | |
|---|---|
| fixed length control field | 01120nam a2200301 a 4500 |
| 001 - CONTROL NUMBER | |
| control field | 51038 |
| 003 - CONTROL NUMBER IDENTIFIER | |
| rucl marc code | BD-RjUL |
| 005 - DATE AND TIME OF LATEST TRANSACTION | |
| control field | 20211209075612.0 |
| 008 - FIXED-LENGTH DATA ELEMENTS--GENERAL INFORMATION | |
| fixed length control field | 160829s1965 njua 100 0 eng c |
| 035 ## - SYSTEM CONTROL NUMBER | |
| System control number | (OCoLC)ocm10483685 |
| System control number | (BD-RjUL)51158 |
| System control number | (NNC)1557482 |
| 040 ## - CATALOGING SOURCE | |
| Original cataloging agency | DLC/ICU |
| Transcribing agency | CGU |
| Modifying agency | OCL |
| -- | WSU |
| -- | SER |
| -- | MNU |
| -- | ZCU |
| -- | BD-RjUL |
| Language of cataloging | eng |
| 041 ## - LANGUAGE CODE | |
| Language code of text/sound track or separate title | eng |
| 082 0# - DEWEY DECIMAL CLASSIFICATION NUMBER | |
| Edition number | 23 |
| Classification number | 515.3533 |
| Author mark and year | AGL 1965 |
| 100 ## - MAIN ENTRY--PERSONAL NAME | |
| Personal name | Agmon, Shmuel |
| 9 (RLIN) | 152701 |
| 245 10 - TITLE STATEMENT | |
| Title | Lectures on elliptic boundary value problems / |
| Statement of responsibility, etc. | by Shmuel Agmon. Prepared for publication by B. Frank Jones, with the assistance of George W. Batten. |
| 260 ## - PUBLICATION, DISTRIBUTION, ETC. (IMPRINT) | |
| Place of publication, distribution, etc. | Princeton, N.J. : |
| Name of publisher, distributor, etc. | Van Nostrand, |
| Date of publication, distribution, etc. | 1965 |
| 300 ## - PHYSICAL DESCRIPTION | |
| Pagination | iii, 291 p. : |
| Illustrations | illus. ; |
| Size | 21 cm. |
| 490 1# - SERIES STATEMENT | |
| Series statement | Van Nostrand mathematical studies ; |
| Volume/sequential designation | no. 2 |
| 500 ## - GENERAL NOTE | |
| General note | "Sponsored by the National Science Foundation." |
| 650 #0 - SUBJECT ADDED ENTRY--TOPICAL TERM | |
| Topical term or geographic name as entry element | Differential equations, Elliptic. |
| 9 (RLIN) | 152703 |
| Topical term or geographic name as entry element | Boundary value problems. |
| 9 (RLIN) | 152704 |
| 710 2# - ADDED ENTRY--CORPORATE NAME | |
| Corporate name or jurisdiction name as entry element | National Science Foundation (U.S.) |
| 9 (RLIN) | 152705 |
| 830 #0 - SERIES ADDED ENTRY--UNIFORM TITLE | |
| Uniform title | Van Nostrand mathematical studies ; |
| Volume number/sequential designation | no. 2. |
| 942 ## - ADDED ENTRY ELEMENTS (KOHA) | |
| Source of classification or shelving scheme | Dewey Decimal Classification |
| Koha item type | Books |
| Lost status | Source of classification or shelving scheme | Damaged status | Not for loan | Collection code | Permanent Location | Current Location | Shelving location | Date acquired | Source of acquisition | Cost, normal purchase price | Total Checkouts | Full call number | Date last seen | Copy number | Koha item type |
|---|---|---|---|---|---|---|---|---|---|---|---|---|---|---|---|
| Dewey Decimal Classification | Non-fiction | Central Library, University of Rajshahi | Central Library, University of Rajshahi | 29/08/2016 | Swets & Zeitlinger | 37.00 | 515.3533 AGL 1965 | 29/08/2016 | C-2 | Books | |||||
| Dewey Decimal Classification | Not For Loan | Non-fiction | Central Library, University of Rajshahi | Central Library, University of Rajshahi | Reading Room | 29/08/2016 | Swets & Zeitlinger | 37.00 | 515.3533 AGL 1965 | 29/08/2016 | C-1 | Books |